000 00425nam a22001817a 4500
003 CEME
005 20210628210155.0
008 210201b xxu||||| |||| 00| 0 eng d
020 _a969-35-0592-1
040 _c.
082 _a891.4393 ASH
100 _aAshfaq Ahmad
_93162
245 _aMehmaan saraye
260 _aLAHORE
_bSANG-E-MEEL
_c1996
300 _a215P
650 _aURDU ADAB-DRAMA
_965638
942 _cBK
_2ddc
999 _c583512
_d583512